01609nam a2200349 i 4500001001000000003000900010005001700019007000300036008004100039040003000080041000800110082002000118100006500138245008600203264005300289300002800342336002800370337003500398338002900433490005600462500003500518504005200553590002600605650002800631650007100659650005300730910003700783942001400820952020800834952020201042999001501244000008903DO-SdBNP20250307073708.0ta090921s1936 ag r 001 e spa d aDO-SdBNPbspacBNPHUerda hspa 4aRD864.42bH519c1 aHenríquez Ureña, Pedro,d1884-1946 eautor4aut.9171813aLa cultura y las letras coloniales en Santo Domingo /cPedro Henríquez Ureña. 1aBuenos Aires :bInstituto de Filología,c1936. a191 páginas ;c23 cm. atexto btxt2rdacontent asin mediación bn2rdamedia  avolumen bnc2rdacarrier0 aBiblioteca de Dialectología Hispanoamericana ;v2 aIncluye índice onomástico. aBibliografía y notas al final de capítulos. aInventariado, 2020/BT 0aEnsayos dominicanos965 4aCulturazRepública DominicanavEnsayos, conferencias, etc.92200 4aLiteratura dominicanaxHistoria y crítica9159 aValidado. Control de calidad EMS 2ddccLBS1 00102ddc51708RVaBNPHUbBNPHUcHDd2009-09-21l0oBNPHU PD-RV RD864.42 H519cp8903-10r2020-06-25w2020-06-25yLBS1zPerteneció a la biblioteca personal de Carlos Larrazábal Blanco.ZNo se presta 00102ddc51708RVaBNPHUbBNPHUcHDd2020-02-11l0oBNPHU PD-RV RD864.42 H519cp8903-20r2020-06-25te.2w2020-06-25yLBS1zPerteneció a la biblioteca personal de Martínez Boog.ZNo se presta c8672d8672